Statistics for European Countries Ending in Consonants

Click here to take the quiz!

General Stats

  • This quiz has been taken 64 times
  • The average score is 15 of 16

Answer Stats

Country% Correct
Ireland
100%
Sweden
100%
Finland
98%
Iceland
98%
Poland
96%
United Kingdom
96%
Belgium
94%
Denmark
94%
Netherlands
94%
Switzerland
94%
Czech Republic
92%
Portugal
92%
Spain
92%
Belarus
91%
Liechtenstein
91%
Luxembourg
91%

Score Distribution

Percentile by Number Answered

Percent of People with Each Score

Your Score History

You have not taken this quiz